|
|
|
|
| LEADER |
00000nab a2200000 a 4500 |
| 001 |
vtls008413901 |
| 003 |
SK-MaSNL |
| 005 |
20260305004209.0 |
| 008 |
040806c2005 xo 0 slo |
| 015 |
|
|
|a SNBCL2005/5
|
| 035 |
|
|
|a SLK035888
|
| 040 |
|
|
|a SLKCL
|b slo
|c SNKBUCL
|e AACR2
|
| 041 |
1 |
|
|a slo
|
| 044 |
|
|
|a xo
|c SK
|
| 080 |
|
|
|a 616.61-001.43-08:061.3
|2 1981
|
| 245 |
0 |
0 |
|a Úrazy obličky - kazuistika
|c Ľubomír Velk ... [et al.]
|
| 650 |
0 |
7 |
|a obličky
|2 SNKPH
|9 14814
|
| 650 |
0 |
7 |
|a úrazy
|2 SNKPH
|9 123733
|
| 700 |
1 |
|
|a Velk, Ľubomír
|4 aut
|u Urologické oddelenie, FN L. Pasteura, Košice
|9 1538871
|
| 700 |
1 |
|
|a Martinčok, Dušan,
|d 1950-
|4 aut
|9 10841
|
| 700 |
1 |
|
|a Tomasch, Juraj
|4 aut
|u Urologické oddelenie, FN L. Pasteura, Košice
|9 1581791
|
| 700 |
1 |
|
|a Bača, Michal
|4 aut
|u Urologické oddelenie FN L. Pasteura, Košice
|9 365363
|
| 711 |
1 |
|
|a Reimanove dni
|n (33. :
|d 2005 :
|c Prešov, Slovensko)
|4 aut
|9 110997
|
| 773 |
0 |
|
|w SERIAL_GENERAL*000250*2005*005*003
|x 1335-3071
|t Urológia
|g Roč. 11, č. 3 (2005), s. 15
|
| 850 |
|
|
|a Slovenská lekárska knižnica v Bratislave
|a BA006
|
| 852 |
|
|
|a BA006
|b KIS3GCP
|b 000500000
|
| 999 |
|
|
|c 3234321
|d 3236251
|